000 00608nam a2200205Ia 4500
003 GCL
008 140319s9999 xx 000 0 ara d
040 _aGCL /
_cGCL
082 0 4 _a812.088
_bت م
100 1 _aتوفيق الحكيم
245 1 0 _aمحمد صلى الله عليه وسلم /
_cتوفيق الحكيم
260 _a[S.N] :
_bمكتبة مصر ،
_c1988
300 _a279 ص
490 _a
650 0 4 _aالادب العربى
650 0 4 _aالادب الدينى
650 0 4 _aالمسرحيات الدينية
650 0 4 _aالمسرحيات العربية
942 _2ddc
_cBK
999 _c29142
_d29142